Frontera de La Rioja: municipios de Navarra - Estadísticas

Estadísticas generales
  • Esta prueba ha sido intentada 6 veces
  • La puntuación promedio es 11 de 15
Respuestas en el mapa
Las respuestas están codificadas por una escala verde-roja en el mapa de la prueba según el % correcto abajo.
 
Estadísticas de respuestas
Municipio % Correcto
Viana
100%
Azagra
83%
Corella
83%
Funes
83%
Mendavia
83%
SanAdrián
83%
Sartaguda
83%
Andosilla
67%
Cadreita
67%
Castejón
67%
Fitero
67%
Lodosa
67%
Milagro
67%
Valtierra
67%
Sesma
50%
No se encontraron pruebas coincidentes
Distribución de puntuación
Porcentaje de gente con cada puntuación
Porcentaje por número respondido
Historial de tus puntuaciones
No has intentado esta prueba.